Media relations
Media relations ako komunikačný nástroj Public relations. Spôsob práce s médiami. Základné princípy v mediálnych vzťahoch. Zostavovanie mediálnych máp - oslovenie vybranej cieľovej skupiny.
Salvato in:
| Autore principale: | |
|---|---|
| Natura: | Capitolo di libro |
| Lingua: | slovacco |
| Soggetti: | |
| Tags: |
Nessun Tag, puoi essere il primo ad aggiungerne!!
|
MARC
| LEADER | 00000naa a2200000 4500 | ||
|---|---|---|---|
| 001 | r026069 | ||
| 005 | 20230922094441.9 | ||
| 041 | 0 | |a slo | |
| 044 | |a SK | ||
| 245 | 1 | 0 | |a Media relations |c B. Záhradník |
| 520 | |a Media relations ako komunikačný nástroj Public relations. Spôsob práce s médiami. Základné princípy v mediálnych vzťahoch. Zostavovanie mediálnych máp - oslovenie vybranej cieľovej skupiny. | ||
| 610 | 2 | 0 | |a marketing |
| 610 | 2 | 0 | |a práca s verejnosťou |
| 610 | 2 | 0 | |a médiá |
| 610 | 2 | 0 | |a komunikácia |
| 100 | 1 | |a Záhradník, B. | |